Studies in partial differential equations /
Guardado en:
| Otros Autores: | , |
|---|---|
| Formato: | Libro |
| Idioma: | English |
| Publicado: |
[Washington, D.C.] :
Mathematical Association of America,
c1982.
|
| Series: | Studies in mathematics (Mathematical Association of America) ;
v. 23. |
| Materias: | |
| Etiquetas: |
Agregar Etiqueta
Sin Etiquetas, Sea el primero en etiquetar este registro!
|
| LEADER | 01293cam a2200253 a 4500 | ||
|---|---|---|---|
| 001 | MAT.inmabb003016 | ||
| 008 | 840511s1982####dcu######b####001#0#eng## | ||
| 005 | 20130226134553.0 | ||
| 245 | 0 | 0 | |a Studies in partial differential equations / |c Walter Littman, editor. |
| 260 | |a [Washington, D.C.] : |b Mathematical Association of America, |c c1982. | ||
| 300 | |a xiii, 268 p. ; |c 21 cm. | ||
| 490 | 1 | |a Studies in mathematics ; |v v. 23 | |
| 504 | |a Incluye referencias bibliográficas e índice. | ||
| 505 | 0 | |a David S. Jerison and Carlos E. Kening, Boundary value problems on Lipschitz domains -- Johannes C. C. Nitsche, Minimal surfaces and partial differential equations -- Steven Orey, Probabilistic methods in partial differential equations -- James Ralston, Gaussian beams and the propagation of singularities -- Luis A. Caffarelli and Walter Littman, Representation formulas for solutions to $ Delta u-u=0$ in $Rn$ | |
| 510 | 4 | |a MR, |c 84i:35007 | |
| 020 | |a 0883851253 | ||
| 700 | 1 | |a Littman, Walter. | |
| 700 | 1 | |a Caffarelli, Luis A. | |
| 830 | 0 | |a Studies in mathematics (Mathematical Association of America) ; |v v. 23. | |
| 650 | 0 | |a Differential equations, Partial. | |
| 084 | |a 35-06 |2 msc2000 | ||
| 010 | |a 82062782 | ||
| 040 | |a DLC |c DLC |d DLC |d OCoLC | ||
| 859 | |h 35 |i St933 |p A-5762 |b BIB. MATEMATICA | ||
